000 00604nam a2200229Ia 4500
003 OSt
005 20220918202637.0
006 a|||||r|||| 00| 0
007 ta
008 220917b |||||||| |||| 00| 0 eng d
024 _a102,730
037 _cTextual
040 _aARTS
_cARTS
_beng
041 _2eng
_aeng
082 _aV2,4M85, L2
245 0 _aCongress presidenatial speeches
_b selection ed by Sankae Ghosh
260 _aNew Delhi
_bAll India Congress
_c1972
300 _a507p.
_ccm.
650 _aHISTORY
942 _hV2,4M85, L2
_cTEXL
_2CC
999 _c226179
_d226179